01247nam a22003134a 4500001001200000003000800012006001900020007001500039008004100054010001700095020002800112040002100140035002100161050002200182082001700204100002900221245013500250260003700385300001500422504005100437533015200488650003900640650003300679650003400712655002900746710001700775856012600792999001500918ebr10002029CaPaEBRm u cr cn|||||||||981117s1999 ctu sb 001 0 eng  z 98051668  z1567202519 (alk. paper) aCaPaEBRcCaPaEBR a(OCoLC)23216086314aHD60b.K37 1999eb04a658.4/082211 aKarake-Shalhoub, Zeinab.10aOrganizational downsizing, discrimination and corporate social responsibilityh[electronic resource] /cZeinab A. Karake-Shalhoub. aWestport, Conn :bQuorum,c1999. axv, 156 p. aIncludes bibliographical references and index. aElectronic reproduction.bPalo Alto, Calif. :cebrary,d2013.nAvailable via World Wide Web.nAccess may be limited to ebrary affiliated libraries. 0aSocial responsibility of business. 0aDownsizing of organizations. 0aDiscrimination in employment. 7aElectronic books.2local2 aebrary, Inc.40uhttp://site.ebrary.com/lib/rucke/Doc?id=10002029zAn electronic book accessible through the World Wide Web; click to view c5333d5333